[Event "Stay Safe Play From Home 343"]
[Site "Emanuel Lasker Arena"]
[Date "2020.07.30"]
[Round "5"]
[White "Haris kollari 13"]
[Black "Klasman"]
[Result "1-0"]
[WhiteElo "1657"]
[BlackElo "1312"]
[Annotator "NA"]
[PlyCount "51"]
[EventDate "2020.07.30"]
[EventType "swiss (blitz)"]

1. e4 {[%emt 0:00:01]} f5 {[%emt 0:00:01]} 2. e5 {[%emt 0:00:02]} d6 {[%emt 0:00:01]} 3. f4 {[%emt 0:00:01]} c5 {[%emt 0:00:03]} 4. Nf3 {[%emt 0:00:01]} Nc6 {[%emt 0:00:01]} 5. c3 {[%emt 0:00:01]} e6 {[%emt 0:00:01]} 6. d4 {[%emt 0:00:01]} cxd4 {[%emt 0:00:03]} 7. cxd4 {[%emt 0:00:01]} dxe5 {[%emt 0:00:04]} 8. fxe5 {[%emt 0:00:02]} Bb4+ {[%emt 0:00:02]} 9. Nc3 {[%emt 0:00:02]} Qa5 {[%emt 0:00:02]} 10. Bd2 {[%emt 0:00:02]} Nge7 {[%emt 0:00:06]} 11. Bc4 {[%emt 0:00:03]} Nd5 {[%emt 0:00:07]} 12. Nxd5 {[%emt 0:00:07]} exd5 {[%emt 0:00:01]} 13. Bb3 {[%emt 0:00:01]} Bxd2+ {[%emt 0:00:02]} 14. Qxd2 {[%emt 0:00:01]} Qxd2+ {[%emt 0:00:01]} 15. Kxd2 {[%emt 0:00:01]} Be6 {[%emt 0:00:03]} 16. Ke3 {[%emt 0:00:02]} O-O {[%emt 0:00:01]} 17. Ng5 {[%emt 0:00:01]} f4+ {[%emt 0:00:02]} 18. Kd3 {[%emt 0:00:02]} Bf5+ {[%emt 0:00:02]} 19. Kc3 {[%emt 0:00:01]} Rad8 {[%emt 0:00:03]} 20. Rad1 {[%emt 0:00:02]} b5 {[%emt 0:00:02]} 21. a3 {[%emt 0:00:02]} a5 {[%emt 0:00:02]} 22. Nf3 {[%emt 0:00:02]} b4+ {[%emt 0:00:01]} 23. Kd2 {[%emt 0:00:04]} bxa3 {[%emt 0:00:03]} 24. bxa3 {[%emt 0:00:01]} Be4 {[%emt 0:00:04]} 25. Ke2 {[%emt 0:00:05]} Bxf3+ {[%emt 0:00:01]} 26. Kxf3 {[%emt 0:00:01] Time (Lag: Av=0.48s, max=1.1s)} 1-0

[Event "Stay Safe Play From Home 343"]
[Site "Emanuel Lasker Arena"]
[Date "2020.07.30"]
[Round "5"]
[White "Mamba2001de"]
[Black "Padmaesh M K"]
[Result "0-1"]
[WhiteElo "1511"]
[BlackElo "1817"]
[Annotator "NA"]
[PlyCount "72"]
[EventDate "2020.07.30"]
[EventType "swiss (blitz)"]

1. d4 {[%emt 0:00:01]} Nf6 {[%emt 0:00:01]} 2. c4 {[%emt 0:00:01]} d5 {[%emt 0:00:01]} 3. Nc3 {[%emt 0:00:01]} e6 {[%emt 0:00:01]} 4. c5 {[%emt 0:00:01]} b6 {[%emt 0:00:01]} 5. Bg5 {[%emt 0:00:01]} bxc5 {[%emt 0:00:01]} 6. dxc5 {[%emt 0:00:03]} Bxc5 {[%emt 0:00:00]} 7. Nf3 {[%emt 0:00:02]} O-O {[%emt 0:00:02]} 8. e3 {[%emt 0:00:01]} h6 {[%emt 0:00:02]} 9. Bh4 {[%emt 0:00:01]} Nbd7 {[%emt 0:00:02]} 10. Bd3 {[%emt 0:00:02]} a5 {[%emt 0:00:02]} 11. Bc2 {[%emt 0:00:01]} Ba6 {[%emt 0:00:01]} 12. Bd3 {[%emt 0:00:03]} Qc8 {[%emt 0:00:03]} 13. Qe2 {[%emt 0:00:02]} Bxd3 {[%emt 0:00:06]} 14. Qxd3 {[%emt 0:00:01]} Qa6 {[%emt 0:00:00]} 15. Qxa6 {[%emt 0:00:01]} Rxa6 {[%emt 0:00:00]} 16. O-O {[%emt 0:00:01]} Rb8 {[%emt 0:00:02]} 17. Bxf6 {[%emt 0:00:01]} Nxf6 {[%emt 0:00:02]} 18. Rab1 {[%emt 0:00:02]} Bb4 {[%emt 0:00:05]} 19. Ne5 {[%emt 0:00:01]} Rab6 {[%emt 0:00:09]} 20. Ne2 {[%emt 0:00:03]} Bd6 {[%emt 0:00:05]} 21. Nd3 {[%emt 0:00:02]} c5 {[%emt 0:00:01]} 22. Ndf4 {[%emt 0:00:01]} Bxf4 {[%emt 0:00:02]} 23. Nxf4 {[%emt 0:00:01]} Rxb2 {[%emt 0:00:01]} 24. Rxb2 {[%emt 0:00:01]} Rxb2 {[%emt 0:00:00]} 25. Rc1 {[%emt 0:00:02]} c4 {[%emt 0:00:01]} 26. Kf1 {[%emt 0:00:06]} Ne4 {[%emt 0:00:01]} 27. Ne2 {[%emt 0:00:02]} Rxa2 {[%emt 0:00:03]} 28. f3 {[%emt 0:00:01]} Nd2+ {[%emt 0:00:02]} 29. Ke1 {[%emt 0:00:02]} a4 {[%emt 0:00:00]} 30. Nd4 {[%emt 0:00:01]} Nb3 {[%emt 0:00:01]} 31. Rb1 {[%emt 0:00:03]} Nxd4 {[%emt 0:00:01]} 32. exd4 {[%emt 0:00:01]} Kh7 {[%emt 0:00:00]} 33. Kf1 {[%emt 0:00:02]} a3 {[%emt 0:00:00]} 34. Re1 {[%emt 0:00:02]} Rb2 {[%emt 0:00:00]} 35. Ra1 {[%emt 0:00:01]} a2 {[%emt 0:00:00]} 36. Rxa2 {[%emt 0:00:01]} Rb1+ {[%emt 0:00:00] Zeit (Lag: Av=0.45s, max=1.1s)} 0-1

[Event "Stay Safe Play From Home 343"]
[Site "Emanuel Lasker Arena"]
[Date "2020.07.30"]
[Round "5"]
[White "Trotsky"]
[Black "Psvidyarthi"]
[Result "0-1"]
[WhiteElo "1475"]
[BlackElo "1620"]
[Annotator "NA RC"]
[PlyCount "76"]
[EventDate "2020.07.30"]
[EventType "swiss (blitz)"]

1. d4 {[%emt 0:00:01]} Nf6 {[%emt 0:00:02]} 2. e3 {[%emt 0:00:01]} e6 {[%emt 0:00:00]} 3. c4 {[%emt 0:00:01]} d5 {[%emt 0:00:00]} 4. Nc3 {[%emt 0:00:01]} dxc4 {[%emt 0:00:00]} 5. Bxc4 {[%emt 0:00:01]} a6 {[%emt 0:00:00]} 6. Qc2 {[%emt 0:00:01]} b5 {[%emt 0:00:00]} 7. Bd3 {[%emt 0:00:01]} Bb7 {[%emt 0:00:02]} 8. f3 {[%emt 0:00:01]} Nbd7 {[%emt 0:00:00]} 9. h4 {[%emt 0:00:01]} c5 {[%emt 0:00:01]} 10. Nh3 {[%emt 0:00:02]} c4 {[%emt 0:00:01]} 11. Be4 {[%emt 0:00:03]} Nxe4 {[%emt 0:00:05]} 12. Nxe4 {[%emt 0:00:05]} Nf6 {[%emt 0:00:00]} 13. Bd2 {[%emt 0:00:04]} Nxe4 {[%emt 0:00:02]} 14. fxe4 {[%emt 0:00:01]} Bd6 {[%emt 0:00:02]} 15. O-O-O {[%emt 0:00:02]} Qe7 {[%emt 0:00:05]} 16. d5 {[%emt 0:00:03]} Bb4 {[%emt 0:00:01]} 17. Bxb4 {[%emt 0:00:03]} Qxb4 {[%emt 0:00:00]} 18. d6 {[%emt 0:00:03]} O-O-O {[%emt 0:00:03]} 19. a3 {[%emt 0:00:03]} Qb3 {[%emt 0:00:02]} 20. Qxb3 {[%emt 0:00:03]} cxb3 {[%emt 0:00:00]} 21. Kb1 {[%emt 0:00:01]} Kb8 {[%emt 0:00:02]} 22. Ka1 {[%emt 0:00:03]} Bxe4 {[%emt 0:00:01]} 23. Ng5 {[%emt 0:00:01]} Rhf8 {[%emt 0:00:06]} 24. Nxe4 {[%emt 0:00:01]} f5 {[%emt 0:00:02]} 25. Nc5 {[%emt 0:00:01]} Rc8 {[%emt 0:00:02]} 26. Nxa6+ {[%emt 0:00:02]} Kb7 {[%emt 0:00:01]} 27. d7 {[%emt 0:00:02]} Kxa6 {[%emt 0:00:04]} 28. dxc8=Q+ {[%emt 0:00:02]} Rxc8 {[%emt 0:00:00]} 29. Rd6+ {[%emt 0:00:01]} Kb7 {[%emt 0:00:01]} 30. Rhd1 {[%emt 0:00:01]} Rc6 {[%emt 0:00:00]} 31. Rd7+ {[%emt 0:00:01]} Rc7 {[%emt 0:00:01]} 32. Rxc7+ {[%emt 0:00:02]} Kxc7 {[%emt 0:00:00]} 33. Rd3 {[%emt 0:00:01]} g6 {[%emt 0:00:01]} 34. Rxb3 {[%emt 0:00:01]} e5 {[%emt 0:00:00]} 35. Rxb5 {[%emt 0:00:01]} Kc6 {[%emt 0:00:00]} 36. Rxe5 {[%emt 0:00:01]} g5 {[%emt 0:00:03]} 37. hxg5 {[%emt 0:00:02]} h6 {[%emt 0:00:00]} 38. a4 {[%emt 0:00:01] .} hxg5 {[%emt 0:00:00] Âðåìÿ (Lag: Av=0.96s, max=1.7s)} 0-1

[Event "Stay Safe Play From Home 343"]
[Site "Emanuel Lasker Arena"]
[Date "2020.07.30"]
[Round "6"]
[White "AChessPlayer"]
[Black "Little champs"]
[Result "1-0"]
[WhiteElo "2404"]
[BlackElo "2259"]
[Annotator "TA"]
[PlyCount "123"]
[EventDate "2020.07.30"]
[EventType "swiss (blitz)"]

{[%evp 20,122,-32,-58,-26,-28,-7,-34,21,16,413,391,441,383,439,446,454,413,408,415,544,550,534,529,612,612,612,612,612,612,612,612,612,612,612,612,597,577,519,505,767,497,650,588,652,497,723,588,708,704,728,708,801,797,861,847,828,762,1147,1094,1278,1270,1933,1912,1811,1730,1603,1588,2320,1874,2064,2014,29980,29981,29981,29982,29987,29988,29988,29989,29989,29990,29990,29991,29992,29993,29993,29994,29994,29994,29995,29995,29995,29995,29995,29996,29996,29997,29997,29998,29998,29997,29997,29998,29999]} 1. Nf3 e6 2. g3 d5 3. Bg2 c5 4. O-O Nc6 5. d3 Be7 6. Nbd2 Nf6 7. e4 O-O 8. Re1 b5 9. e5 Nd7 10. Qe2 Qc7 11. Nf1 Rb8 {11...Bb7 is setting a new trend. C00: French: Unusual White 2nd moves.} 12. h4 a5 13. N1h2 {[#]} Nd4 $146 ({Better is} 13... Ba6 $15) ({Predecessor:} 13... Ba6 14. h5 Rfc8 15. Bf4 b4 16. Ng4 Qb6 17. Qd1 Rb7 18. Bg5 Qd8 19. Bxe7 Qxe7 {1-0 (52) Vallet,M (2190)-Baumhauer,C (2045) France 2006}) 14. Nxd4 $11 c4 $2 {[%mdl 8192]} (14... cxd4 $11 {and Black stays safe.} 15. Bf4 Bb4) 15. Ndf3 b4 16. d4 c3 17. b3 Qb6 18. h5 Ba6 19. Qd1 a4 20. h6 g6 21. Ng4 a3 22. Bg5 Qd8 23. Qc1 Kh8 24. Qf4 Rb7 25. Bxe7 Qxe7 26. Nf6 Nxf6 27. Qxf6+ Qxf6 28. exf6 Rc7 29. Ne5 Rcc8 (29... Kg8 $142 30. f4 Bb5) 30. f4 Kg8 31. g4 Rc7 32. Kf2 Bc8 (32... Rd8 $142 33. g5 Bb5) 33. Kg3 Rd8 34. Kh4 Rd6 35. Kg5 Ra6 36. Nd3 Rb6 {[#]} 37. Bxd5 $1 Kf8 (37... exd5 38. Re8#) 38. Bf3 Ke8 39. Re5 Kd8 40. Rc5 Rxc5+ 41. dxc5 Rb5 42. Re1 Kc7 43. Re5 Bd7 44. Be4 Bc6 {[#]} 45. Bxg6 $1 Bd5 (45... fxg6 46. Rxe6) 46. Bxh7 {White mates.} Rb8 47. Be4 Kc6 48. Bxd5+ exd5 {[%mdl 4096] Endgame KRN-KR} 49. h7 Rh8 50. Kh6 d4 {[#]} 51. Kg7 $1 {[%mdl 64] Double Attack} Rxh7+ 52. Kxh7 Kb5 53. Kg7 Kc6 54. Kxf7 Kb5 55. g5 Kc6 56. g6 Kb5 57. g7 Ka6 58. Re6+ Kb5 59. Rb6+ Ka5 60. Rxb4 Ka6 61. g8=Q {[%cal Rg8a8]} Ka5 62. Qa8# {White took control after the opening. Accuracy: White = 86%, Black = 29%.} 1-0

[Event "Stay Safe Play From Home 343"]
[Site "Emanuel Lasker Arena"]
[Date "2020.07.30"]
[Round "6"]
[White "Lamborghini"]
[Black "NTBT_DHS"]
[Result "0-1"]
[WhiteElo "2244"]
[BlackElo "2598"]
[Annotator "TA"]
[PlyCount "112"]
[EventDate "2020.07.30"]
[EventType "swiss (blitz)"]

{[%evp 9,111,7,9,-14,0,-8,0,-15,0,14,41,25,72,49,89,65,52,53,59,51,96,83,103,54,42,58,27,49,34,-160,-84,-280,-160,-320,-314,-293,-294,-339,-321,-460,-458,-453,-450,-437,-431,-1103,-1009,-1413,-1275,-1385,-903,-860,-826,-1364,-2233,-2177,-1913,-29999,-1893,-29999,-12835,-12831,-12833,-12833,-12817,-12841,-12841,-12845,-12845,-12846,-12846,-29985,-12844,-29987,-12844,-12845,-12844,-12847,-12848,-12848,-12849,-29990,-12849,-12849,-12850,-12850,-12849,-29991,-12850,-12850,-12850,-12850,-12850,-29993,-27999,-29994,-27999,-29995,-27999,-29998,-27999,-27999,-27999,-27999]} 1. e4 g6 2. d4 Bg7 3. Nc3 d6 4. Be3 Nd7 {[#]} 5. Qf3 $146 ({Predecessor:} 5. Nf3 a6 6. Bc4 e6 7. a4 Ne7 8. a5 O-O 9. Qd2 Nf6 10. Bd3 Ng4 11. Bg5 h6 12. Bh4 g5 13. h3 Ne5 14. dxe5 gxh4 15. exd6 cxd6 16. Nxh4 {1-0 (49) Hovhannisyan,R (2637)-Saric,I (2695) St Petersburg 2018}) 5... Ngf6 6. h3 {B06: Modern Defence.} O-O 7. O-O-O e5 8. Nge2 {The position is equal.} exd4 9. Nxd4 Ne5 10. Qg3 a6 11. f4 Nc6 12. Qf3 Bd7 13. g4 Nxd4 14. Bxd4 Bc6 15. Bd3 Re8 16. Rhe1 b5 17. g5 Nh5 18. Bxg7 Nxg7 19. f5 $2 (19. Kb1 $14) 19... Nxf5 (19... Qxg5+ $142 20. Kb1 Nxf5 $1 {[%mdl 512]}) 20. Nd5 $2 {White does not recover from this.} (20. Qg4 $17 Ng7 21. h4) 20... Bxd5 (20... Qxg5+ $19 21. Kb1 Bxd5 22. exd5 Ne3) 21. exd5 $2 (21. Qg4 $17) 21... Qxg5+ $19 22. Kb1 Re3 23. Qf2 Rae8 (23... Rxh3 $2 24. Rg1 $17) 24. Bxf5 (24. Rf1 $142) 24... Rxe1 (24... Qxf5 $2 25. Qxe3 Rxe3 26. Rxe3 $19) 25. Rxe1 Rxe1+ 26. Qxe1 Qxf5 {[%mdl 4096] Endgame KQ-KQ} 27. Qd1 (27. Qh1 $142) 27... Qxh3 28. a4 bxa4 29. Qd4 Qf1+ 30. Ka2 Qb5 31. Qf6 Qxd5+ 32. Ka3 c5 33. Kxa4 h5 (33... Qa2# $142) 34. c3 Qe5 (34... Qa2# $142) 35. Qd8+ Kg7 36. Ka5 g5 37. Kxa6 h4 38. b4 cxb4 39. cxb4 h3 40. Qc8 h2 (40... Qa1+ $142 41. Kb5 h2 42. Kb6 h1=Q 43. Qb7 Qd4+ 44. Kc7 Qxb7+ 45. Kxb7 Qxb4+ 46. Kc6 g4 47. Kc7 g3 48. Kd8 g2 49. Ke7 g1=Q 50. Kd8 Qa7 51. Ke8 Qbb8#) 41. Qh3 Qe2+ (41... Qa1+ $142 42. Kb6 h1=Q 43. Qxh1 Qxh1 44. b5 g4 45. Kc7 g3 46. b6 g2 47. b7 g1=Q 48. b8=R Qa7+ 49. Kxd6 Qh6+ 50. Ke5 Qhe3+ 51. Kf5 Qd7#) 42. b5 Qa2+ 43. Kb7 Qd5+ {[%mdl 64] Double Attack} 44. Kc7 h1=Q 45. Qc3+ Qe5 (45... Kf8 $142 46. Qc6 Qxc6+ 47. bxc6 Ke7 48. Kb7 Qb1+ 49. Kc8 Qb5 50. Kc7 d5 51. Kc8 Kd6 52. c7 Ke6 53. Kd8 Qd7#) 46. Qxe5+ dxe5 47. b6 Qc1+ 48. Kb8 {[#]} Qb2 $1 49. b7 e4 50. Kc7 e3 {( -> ...Qe5+)} 51. Kd6 Qxb7 {Black mates.} 52. Ke5 e2 53. Kf5 e1=Q 54. Kg4 Qee4+ 55. Kxg5 Qe3+ 56. Kf5 Qbf3# {Accuracy: White = 44%, Black = 60%.} 0-1

[Event "Stay Safe Play From Home 343"]
[Site "Emanuel Lasker Arena"]
[Date "2020.07.30"]
[Round "6"]
[White "TheCHESSHOUSE"]
[Black "Trotsky"]
[Result "1-0"]
[WhiteElo "2143"]
[BlackElo "1465"]
[Annotator "RC"]
[PlyCount "69"]
[EventDate "2020.07.30"]
[EventType "swiss (blitz)"]

1. d4 {[%emt 0:00:02]} d5 {[%emt 0:00:02]} 2. c4 {[%emt 0:00:00]} e6 {[%emt 0:00:00]} 3. g3 {[%emt 0:00:01]} c5 {[%emt 0:00:01]} 4. Bg2 {[%emt 0:00:00]} Nc6 {[%emt 0:00:01]} 5. dxc5 {[%emt 0:00:00]} Bxc5 {[%emt 0:00:02]} 6. cxd5 {[%emt 0:00:01]} exd5 {[%emt 0:00:01]} 7. Qxd5 {[%emt 0:00:01]} Qb6 {[%emt 0:00:02]} 8. e3 {[%emt 0:00:03]} Be6 {[%emt 0:00:02]} 9. Qd1 {[%emt 0:00:02]} Rd8 {[%emt 0:00:02]} 10. Qc2 {[%emt 0:00:01]} Nf6 {[%emt 0:00:01]} 11. Ne2 {[%emt 0:00:01]} Bd6 {[%emt 0:00:05]} 12. O-O {[%emt 0:00:01]} Qc7 {[%emt 0:00:01]} 13. a3 {[%emt 0:00:01]} Ng4 {[%emt 0:00:01]} 14. Nbc3 {[%emt 0:00:03]} h5 {[%emt 0:00:01]} 15. Ne4 {[%emt 0:00:01]} h4 {[%emt 0:00:02]} 16. Nxd6+ {[%emt 0:00:01]} Qxd6 {[%emt 0:00:01]} 17. Nf4 {[%emt 0:00:01]} hxg3 {[%emt 0:00:01]} 18. hxg3 {[%emt 0:00:02]} g5 {[%emt 0:00:01]} 19. Nxe6 {[%emt 0:00:02]} fxe6 {[%emt 0:00:01]} 20. e4 {[%emt 0:00:01]} Rh2 {[%emt 0:00:03]} 21. Bxg5 {[%emt 0:00:01]} Kf7 {[%emt 0:00:03]} 22. Rad1 {[%emt 0:00:04]} Qc7 {[%emt 0:00:02]} 23. Bxd8 {[%emt 0:00:02]} Qe5 {[%emt 0:00:06]} 24. f4 {[%emt 0:00:03]} Qh5 {[%emt 0:00:07]} 25. Qe2 {[%emt 0:00:09]} Rh1+ {[%emt 0:00:01]} 26. Bxh1 {[%emt 0:00:01]} Qh2+ {[%emt 0:00:02]} 27. Qxh2 {[%emt 0:00:01]} Nxh2 {[%emt 0:00:01]} 28. Kxh2 {[%emt 0:00:00]} Ne7 {[%emt 0:00:02]} 29. Rd7 {[%emt 0:00:03]} Kf6 {[%emt 0:00:02]} 30. Bxe7+ {[%emt 0:00:01]} Kg6 {[%emt 0:00:01]} 31. f5+ {[%emt 0:00:01]} Kh5 {[%emt 0:00:01]} 32. Bf3+ {[%emt 0:00:01]} Kh6 {[%emt 0:00:02]} 33. Bf6 {[%emt 0:00:01]} e5 {[%emt 0:00:01]} 34. Kg2 {[%emt 0:00:01]} a5 {[%emt 0:00:02]} 35. Rh1# {[%emt 0:00:01] (Lag: Av=0.50s, max=1.0s) .} 1-0

[Event "Stay Safe Play From Home 343"]
[Site "Emanuel Lasker Arena"]
[Date "2020.07.30"]
[Round "6"]
[White "Stefanone"]
[Black "Oznog"]
[Result "1-0"]
[WhiteElo "2049"]
[BlackElo "1782"]
[Annotator "TA"]
[PlyCount "83"]
[EventDate "2020.07.30"]
[EventType "swiss (blitz)"]

{[%evp 9,82,-6,16,23,23,21,22,19,31,26,411,404,410,408,547,539,562,560,569,562,556,547,607,535,575,566,608,395,394,381,385,337,449,436,413,334,555,470,967,446,468,456,564,545,562,550,551,556,679,669,780,632,824,733,964,947,888,940,883,885,964,945,29988,29989,29989,29984,29984,29985,29994,29995,29996,29993,29993,1906,29999]} 1. d4 Nf6 2. e3 c5 3. f4 cxd4 4. exd4 e6 5. c3 d5 6. Nf3 {A45: Trompowsky Attack.} Bd6 7. Bd3 O-O 8. Ne5 {The position is equal.} Nc6 9. O-O {[#]} b6 $146 {[%mdl 8192]} (9... Ne4 $11 {and Black stays safe.}) ({Predecessor:} 9... Ne7 10. Rf3 Ng6 11. Rh3 Ne4 12. Qe2 f5 13. Nxg6 hxg6 14. Rf3 Qh4 15. g3 Qg4 {0-1 (56) Eichler,G (1847)-Friedrich,K (1747) Playchess.com INT 2020}) 10. Nxc6 $18 Qc7 11. Ne5 Bxe5 12. fxe5 Nd7 13. Rf3 f5 14. Qe2 a6 15. Nd2 {[%cal Bb1d2,Bd2f3,Bf3g5][%mdl 32]} b5 16. Rf1 Nb6 17. Nf3 Nc4 18. Bxc4 dxc4 19. Qf2 Bb7 20. Qg3 Rf7 21. Ng5 Re7 22. Qh4 g6 $2 (22... h6 23. Nf3 Ree8) 23. Nf3 Qc6 (23... b4 $142 24. cxb4 Rd7) 24. Qf2 (24. Qxe7 $142 {Intending Bh6 and mate.} Re8 25. Qh4) 24... a5 25. Bg5 Rg7 26. Bf6 Rf7 27. Qg3 b4 28. Rf2 bxc3 29. bxc3 Rb8 30. Raf1 Ba6 31. Re1 Rb6 32. Ng5 Qd7 33. Nxf7 Qxf7 34. h4 Bb7 35. h5 Qc7 36. hxg6 h6 37. g7 Qf7 38. Rf4 Kh7 {[#]} 39. Rh4 $1 Be4 40. Qf4 Qg6 {[#]} 41. g8=Q+ (41. Rxh6+ $142 $1 Qxh6 42. Qxh6+ Kxh6 43. g8=Q Rb7 44. Bg5+ Kh5 45. Bf4 Rg7 46. Qxg7 Kh4 47. Qg5#) 41... Qxg8 42. Qxh6# {Black got outplayed after the opening. Accuracy: White = 70%, Black = 36%.} 1-0

[Event "Stay Safe Play From Home 343"]
[Site "Emanuel Lasker Arena"]
[Date "2020.07.30"]
[Round "6"]
[White "Hickey"]
[Black "Brinki"]
[Result "0-1"]
[WhiteElo "2030"]
[BlackElo "2115"]
[Annotator "TA"]
[PlyCount "104"]
[EventDate "2020.07.30"]
[EventType "swiss (blitz)"]

{[%evp 11,104,0,0,-2,0,-21,7,0,22,-2,0,2,0,-6,-12,-22,6,0,71,-57,-44,-132,202,200,170,144,112,0,3,-6,-1,-1,-1,-4,-3,-284,-274,-296,-295,-302,-104,-306,-299,-329,-320,-353,-341,-372,-369,-422,-382,-380,-363,-393,-391,-516,-465,-578,-567,-29971,-621,-592,-607,-29977,-29979,-29978,-29980,-29979,-29981,-29988,-29978,-29978,-29980,-29980,-29981,-29986,-29982,-29987,-29988,-29987,-29985,-29994,-29994,-29995,-29993,-29995,-29994,-29995,-29992,-29992,-29992,-29991,-29992,-29993,-29994]} 1. Nf3 Nf6 2. g3 b5 {[%cal Bb7b5,Bb5b4][%mdl 32]} 3. Bg2 Bb7 4. O-O e6 5. d4 Be7 6. a4 b4 7. Nbd2 {A46: 1 d4 Nf6 2 Nf3 e6: Torre, London and Colle Systems.} O-O 8. Re1 d6 {[#]} 9. e4 $146 {The position is equal.} ({Predecessor:} 9. c3 c5 10. Nh4 Bxg2 11. Nxg2 Nc6 12. dxc5 bxc3 13. bxc3 dxc5 14. Ba3 Rb8 15. Qc2 {1-0 (31) Dragomirescu,C (2247)-Epure,C (2111) Predeal 2006}) 9... Nbd7 10. c3 bxc3 11. bxc3 c5 12. Rb1 Rb8 13. Ba3 Qa5 14. Qc2 Rfc8 (14... Rfe8 $11 {remains equal.}) 15. Nc4 ({White should play} 15. d5 $1 $16) 15... Qc7 $15 {aiming for ...Bxe4.} 16. e5 {[#]} (16. Nfd2 $15) 16... Nd5 $2 {[%mdl 8192]} (16... Be4 $1 $17 {[%cal Re4c2][%mdl 512]} 17. Rxe4 Nxe4 18. Rxb8 Rxb8 19. exd6 (19. Qxe4 d5 $17 {[%mdl 64] Double Attack}) 19... Nxd6) 17. exd6 $18 Bxd6 18. Nxd6 Qxd6 19. c4 ({White should try} 19. dxc5 $16 Qa6 20. Nd4) 19... Nb4 $11 20. Bxb4 cxb4 21. c5 Bxf3 22. Bxf3 Qxd4 23. Red1 $2 {[%mdl 8192]} (23. c6 $11 {and White has nothing to worry.} Qc5 24. Qe4) 23... Qxc5 $19 24. Qd2 Ne5 25. Be2 {White hopes to continue with Rdc1.} h6 $2 (25... a5 $19 {is more deadly. Hoping for ...h6.} 26. Qd4 Qxd4 27. Rxd4 Rc2) 26. Qf4 $2 (26. Rdc1 $17 {only move.} Qa5 27. Rxc8+ Rxc8 28. Rxb4) 26... Ng6 27. Qe4 a5 28. Bd3 Qe5 29. Qf3 Rc3 30. Qe2 Rbc8 31. Qf1 h5 32. Bxg6 fxg6 33. h4 Rc2 34. Re1 Qf5 35. Re3 {[#]} Rd2 (35... Rxf2 $142 $1 {[%mdl 512]} 36. Qa6 (36. Qxf2 Qxb1+) 36... Qxb1+ 37. Kxf2 Qf5+ 38. Ke2 Qg4+ 39. Kf2 Rc2+ 40. Ke1 Rc1+ 41. Kf2 Qf5+ 42. Rf3 Qc5+ 43. Re3 Rc2+ 44. Qe2 b3 45. Kf1 b2 46. Qxc2 Qxc2 47. Re1 Qd2 48. g4 hxg4 49. h5 gxh5 50. Re2 b1=Q+ 51. Kg2 Qxe2+ 52. Kg3 Qe3+ 53. Kh4 Qh1#) 36. Rbe1 Rcc2 {[%cal Rd2f2]} 37. R1e2 Rxe2 {[%mdl 64] Overworked Piece. Black mates.} 38. Rxe2 Rxe2 39. Qxe2 {[%mdl 4096] Endgame KQ-KQ} b3 40. Qb5 Qd5 41. Qb8+ Kh7 42. Kh2 Qc4 43. Qb6 Qc2 44. g4 b2 45. gxh5 gxh5 46. Qxe6 b1=Q 47. Qe3 Qf5 48. Qg3 Qbe4 49. Qg2 Qxg2+ 50. Kxg2 {[#]} Qg4+ $1 51. Kf1 Qxa4 52. Ke1 Qd4 {Quite a comeback for Black. Accuracy: White = 43%, Black = 68%.} 0-1

[Event "Stay Safe Play From Home 343"]
[Site "Emanuel Lasker Arena"]
[Date "2020.07.30"]
[Round "6"]
[White "Buzaglo"]
[Black "Haris kollari 13"]
[Result "0-1"]
[WhiteElo "1872"]
[BlackElo "1661"]
[Annotator "NA"]
[PlyCount "56"]
[EventDate "2020.07.30"]
[EventType "swiss (blitz)"]

1. d4 {[%emt 0:00:01]} e6 {[%emt 0:00:01]} 2. Nf3 {[%emt 0:00:00]} d5 {[%emt 0:00:00]} 3. g3 {[%emt 0:00:00]} c5 {[%emt 0:00:01]} 4. Bg2 {[%emt 0:00:00]} Nc6 {[%emt 0:00:00]} 5. O-O {[%emt 0:00:00]} f5 {[%emt 0:00:01]} 6. e3 {[%emt 0:00:02]} Nf6 {[%emt 0:00:00]} 7. c4 {[%emt 0:00:01]} cxd4 {[%emt 0:00:02]} 8. exd4 {[%emt 0:00:01]} dxc4 {[%emt 0:00:02]} 9. Nc3 {[%emt 0:00:01]} Bd7 {[%emt 0:00:01]} 10. Ne5 {[%emt 0:00:01]} Be7 {[%emt 0:00:06]} 11. Nxd7 {[%emt 0:00:02]} Qxd7 {[%emt 0:00:01]} 12. d5 {[%emt 0:00:02]} exd5 {[%emt 0:00:03]} 13. Nxd5 {[%emt 0:00:01]} Nxd5 {[%emt 0:00:02]} 14. Bxd5 {[%emt 0:00:00]} O-O-O {[%emt 0:00:01]} 15. Bxc6 {[%emt 0:00:05]} Qxd1 {[%emt 0:00:02]} 16. Bxb7+ {[%emt 0:00:03]} Kxb7 {[%emt 0:00:01]} 17. Rxd1 {[%emt 0:00:01]} Rxd1+ {[%emt 0:00:01]} 18. Kg2 {[%emt 0:00:00]} Bg5 {[%emt 0:00:01]} 19. Bxg5 {[%emt 0:00:01]} Rxa1 {[%emt 0:00:02]} 20. Be3 {[%emt 0:00:00]} h6 {[%emt 0:00:01]} 21. b3 {[%emt 0:00:00]} Rxa2 {[%emt 0:00:01]} 22. bxc4 {[%emt 0:00:01]} Rc8 {[%emt 0:00:01]} 23. c5 {[%emt 0:00:01]} Re8 {[%emt 0:00:01]} 24. h4 {[%emt 0:00:01]} Rxe3 {[%emt 0:00:02]} 25. Kh3 {[%emt 0:00:01]} Ree2 {[%emt 0:00:00]} 26. h5 {[%emt 0:00:00]} Rxf2 {[%emt 0:00:00]} 27. Kh4 {[%emt 0:00:00]} f4 {[%emt 0:00:01]} 28. g4 {[%emt 0:00:00]} Rh2# {[%emt 0:00:01] (Lag: Av=0.54s, max=0.9s)} 0-1